[Event "ESP-ch FEDC 29th"]
[Site "San Fernando"]
[Date "2020.11.21"]
[Round "5"]
[White "Espadina Solano, Jaime E"]
[Black "Montilla Bejarano, Carmen"]
[Result "1-0"]
[WhiteElo "1595"]
[BlackElo "1073"]
[PlyCount "69"]
[EventDate "2020.11.17"]
[EventType "swiss"]
[EventRounds "7"]
[EventCountry "ESP"]
[SourceTitle "EXT 2024"]
[Source "ChessBase"]
[SourceDate "2023.10.10"]
[SourceVersion "1"]
[SourceVersionDate "2023.10.10"]
[SourceQuality "1"]

1. e4 e5 2. Nf3 Nc6 3. Bb5 Nf6 4. d3 Bd6 5. 0-0 Ne7 6. Nc3 c6 7. Bc4 h6 8. d4 Ng6 9. Bb3 Bc7 10. dxe5 Bxe5 11. Nxe5 Nxe5 12. Bf4 Qe7 13. h3 d6 14. Bg3 g5 15. a4 g4 16. hxg4 Nfxg4 17. Qe2 Nf6 18. Rad1 h5 19. Qd2 h4 20. Bh2 h3 21. Qxd6 Rg8 22. Qxe7+ Kxe7 23. Bxe5 Rxg2+ 24. Kh1 Ng4 25. Bd6+ Ke8 26. Bg3 Bd7 27. Ne2 Nxf2+ 28. Rxf2 Rxf2 29. Bxf2 Bg4 30. Rd2 Ke7 31. Bh4+ Kf8 32. Nf4 Bf3+ 33. Kh2 Bxe4 34. Kxh3 Re8 35. Rd8 1-0

[Event "Benidorm FEDC op 22th"]
[Site "Benidorm"]
[Date "2019.06.13"]
[Round "5"]
[White "Garrido Busto, Francisco"]
[Black "Espadina Solano, Jaime E"]
[Result "0-1"]
[WhiteElo "1464"]
[BlackElo "1594"]
[PlyCount "90"]
[EventDate "2019.06.09"]
[EventType "swiss"]
[EventRounds "7"]
[EventCountry "ESP"]
[SourceTitle "EXT 2024"]
[Source "ChessBase"]
[SourceDate "2023.10.10"]
[SourceVersion "1"]
[SourceVersionDate "2023.10.10"]
[SourceQuality "1"]

1. e4 c5 2. d4 cxd4 3. Qxd4 Nc6 4. Qd1 Nf6 5. Nc3 a6 6. Nf3 e6 7. a3 Qc7 8. Be2 Be7 9. 0-0 0-0 10. Bg5 b5 11. Bd3 b4 12. axb4 Nxb4 13. Re1 Re8 14. h3 d5 15. e5 Nxd3 16. Qxd3 Nd7 17. Bxe7 Rxe7 18. Ng5 Nf8 19. Qg3 h6 20. Nf3 Rb8 21. Rab1 Qc5 22. Red1 Reb7 23. Rd2 Rxb2 24. Rxb2 Rxb2 25. Nd4 Rb4 26. Nb3 Qc7 27. Ne2 Ng6 28. f4 Rc4 29. Ned4 Bd7 30. Qe3 Rc3 31. Qf2 Ba4 32. Kh2 Ne7 33. g4 Nc6 34. h4 Bxb3 35. Nxb3 a5 36. g5 hxg5 37. hxg5 a4 38. Nd4 Nxd4 39. Qxd4 Rxc2 40. g6 Rxd2+ 41. Qxd2 fxg6 42. Qg2 Qc4 43. Qxg6 Qxf4+ 44. Kg1 Qf7 45. Qe4 dxe4 0-1

[Event "Benidorm FEDC op 22th"]
[Site "Benidorm"]
[Date "2019.06.09"]
[Round "1"]
[White "Jimenez Mahillo, David"]
[Black "Espadina Solano, Jaime E"]
[Result "0-1"]
[WhiteElo "1294"]
[BlackElo "1594"]
[PlyCount "54"]
[EventDate "2019.06.09"]
[EventType "swiss"]
[EventRounds "7"]
[EventCountry "ESP"]
[SourceTitle "EXT 2024"]
[Source "ChessBase"]
[SourceDate "2023.10.10"]
[SourceVersion "1"]
[SourceVersionDate "2023.10.10"]
[SourceQuality "1"]

1. e4 c5 2. Nc3 e6 3. f4 Nc6 4. Nf3 d5 5. e5 Nh6 6. d4 cxd4 7. Ne2 Bb4+ 8. Bd2 Nf5 9. Bxb4 Nxb4 10. Nexd4 Nxd4 11. Nxd4 Qb6 12. Bb5+ Bd7 13. Bxd7+ Kxd7 14. c3 Nc6 15. Qd2 Nxd4 16. cxd4 Rhc8 17. 0-0 Rc4 18. Rad1 Rac8 19. f5 exf5 20. Rxf5 Qe6 21. Rff1 Qg6 22. Qa5 Ke6 23. Qxa7 Rc2 24. Rf2 Rxf2 25. Kxf2 Rc2+ 26. Kf3 Qe4+ 27. Kg3 Rxg2+ 0-1

[Event "ESP-ch FEDC 27th"]
[Site "Almunecar"]
[Date "2018.11.26"]
[Round "1"]
[White "Saez Gabikagogeaskoa, Oscar"]
[Black "Espadina Solano, Jaime E"]
[Result "1-0"]
[WhiteElo "1995"]
[BlackElo "1625"]
[PlyCount "47"]
[EventDate "2018.11.26"]
[EventType "swiss"]
[EventRounds "8"]
[EventCountry "ESP"]
[SourceTitle "EXT 2024"]
[Source "ChessBase"]
[SourceDate "2023.10.10"]
[SourceVersion "1"]
[SourceVersionDate "2023.10.10"]
[SourceQuality "1"]

1. e4 e5 2. Nf3 Nc6 3. d4 exd4 4. Nxd4 g6 5. Nc3 Bg7 6. Be3 Nf6 7. Nxc6 bxc6 8. e5 Ng8 9. f4 Ne7 10. Bd3 d6 11. exd6 cxd6 12. 0-0 0-0 13. g4 f5 14. h3 Rb8 15. Bc4+ d5 16. Bb3 Rxb3 17. axb3 d4 18. Rxa7 fxg4 19. hxg4 h5 20. f5 Nxf5 21. gxf5 Qh4 22. Rxg7+ Kh8 23. Rxg6 dxe3 24. Rf4 1-0

[Event "Benidorm FEDC op 20th"]
[Site "Benidorm"]
[Date "2018.06.15"]
[Round "6"]
[White "Espadina Solano, Jaime E"]
[Black "Miramon Borragan, Gustavo"]
[Result "1-0"]
[WhiteElo "1616"]
[BlackElo "1585"]
[PlyCount "81"]
[EventDate "2018.06.10"]
[EventType "swiss"]
[EventRounds "7"]
[EventCountry "ESP"]
[SourceTitle "CBM 184 Extra"]
[Source "ChessBase"]
[SourceDate "2018.06.28"]
[SourceVersion "1"]
[SourceVersionDate "2018.06.28"]
[SourceQuality "1"]

1. e4 e5 2. Nf3 Nc6 3. Bb5 d6 4. d4 Bd7 5. Nc3 Be7 6. Bxc6 bxc6 7. dxe5 c5 8. exd6 cxd6 9. 0-0 Nf6 10. e5 dxe5 11. Nxe5 0-0 12. Nxd7 Nxd7 13. Re1 Bf6 14. Nd5 Nb6 15. Nxf6+ Qxf6 16. c3 Rfd8 17. Qc2 c4 18. Be3 Nd5 19. Bd4 Qg5 20. Re5 Qg4 21. Qf5 Qf4 22. Qxf4 Nxf4 23. Kf1 g6 24. Rc5 Nd3 25. Rxc4 Nxb2 26. Rc7 a6 27. Rb1 Rab8 28. Ra7 Nc4 29. Rxb8 Rxb8 30. Rxa6 Re8 31. g3 Rd8 32. Ke2 Nd6 33. Kd3 Nb7 34. Ra7 Nc5+ 35. Kc4 Ne6 36. a4 Rc8+ 37. Kd3 Rd8 38. a5 Nc5+ 39. Kc4 Ne6 40. a6 Rc8+ 41. Kb5 1-0

[Event "ESP-ch FEDC 26th"]
[Site "Ciudad Real"]
[Date "2017.11.18"]
[Round "7.14"]
[White "Espadina Solano, Jaime E"]
[Black "Menendez Solar, Jose Carlos"]
[Result "0-1"]
[WhiteElo "1680"]
[BlackElo "1833"]
[PlyCount "70"]
[EventDate "2017.11.12"]
[EventType "swiss"]
[EventRounds "8"]
[EventCountry "ESP"]
[SourceTitle "EXT 2024"]
[Source "ChessBase"]
[SourceDate "2023.10.10"]
[SourceVersion "1"]
[SourceVersionDate "2023.10.10"]
[SourceQuality "1"]

1. e4 e6 2. d3 c5 3. Nf3 Nc6 4. g3 g6 5. Bg2 Bg7 6. 0-0 Nge7 7. Re1 d6 8. c3 e5 9. Na3 0-0 10. Nc2 h6 11. h4 Bg4 12. Ne3 Be6 13. Nh2 f5 14. exf5 Nxf5 15. Nxf5 gxf5 16. f4 Qf6 17. h5 Qf7 18. c4 Kh7 19. Nf3 e4 20. dxe4 fxe4 21. Nh4 d5 22. cxd5 Bd4+ 23. Kh2 Bxd5 24. Bxe4+ Bxe4 25. Rxe4 Qd5 26. Qc2 Kg7 27. f5 Ne5 28. Bf4 Ng4+ 29. Kg2 Nf6 30. Rae1 Rae8 31. Bxh6+ Kxh6 32. Qd2+ Kh7 33. Qg5 Rg8 34. Ng6 Nxe4 35. Rxe4 Qxe4+ 0-1

[Event "Madrid FEDC-ch 25th"]
[Site "Madrid"]
[Date "2016.11.10"]
[Round "5"]
[White "Espadina Solano, Jaime E"]
[Black "Olivera Gutierrez, Albert"]
[Result "0-1"]
[WhiteElo "1756"]
[BlackElo "2063"]
[PlyCount "78"]
[EventDate "2016.11.06"]
[EventType "swiss"]
[EventRounds "8"]
[EventCountry "ESP"]
[SourceTitle "CBM 175 Extra"]
[Source "ChessBase"]
[SourceDate "2016.12.12"]
[SourceVersion "1"]
[SourceVersionDate "2016.12.12"]
[SourceQuality "1"]

1. e4 e6 2. d3 d5 3. Nd2 c5 4. Ngf3 Nf6 5. g3 g6 6. Bg2 Bg7 7. 0-0 0-0 8. c3 Nc6 9. e5 Nd7 10. d4 cxd4 11. cxd4 f6 12. exf6 Nxf6 13. Nb3 Ne4 14. Nfd2 Nd6 15. f4 Nxd4 16. Nxd4 Bxd4+ 17. Kh1 Bg7 18. Re1 Qb6 19. Rb1 Bd7 20. Nf3 Rae8 21. Be3 Qa6 22. Bc5 Bb5 23. Ne5 Rd8 24. Bh3 Rfe8 25. Bxe6+ Rxe6 26. Qg4 Ne4 27. a4 Be8 28. Rbd1 Nxc5 29. b4 Nxa4 30. b5 Bxb5 31. Qf3 d4 32. Qb3 Nc5 33. Qb4 Bxe5 34. Qxc5 Qc6+ 35. Qxc6 Rxc6 36. fxe5 Rc2 37. e6 Bc6+ 38. Kg1 Rg2+ 39. Kf1 Rf8# 0-1

[Event "Benidorm Ciegos-ch 15th"]
[Site "Benidorm"]
[Date "2015.06.13"]
[Round "7"]
[White "Delgado Lagares, Francisco Javier"]
[Black "Espadina Solano, Jaime E"]
[Result "1/2-1/2"]
[WhiteElo "1712"]
[BlackElo "1735"]
[PlyCount "61"]
[EventDate "2015.06.07"]
[EventType "swiss"]
[EventRounds "7"]
[EventCountry "ESP"]
[SourceTitle "CBM 167 Extra"]
[Source "ChessBase"]
[SourceDate "2015.09.14"]
[SourceVersion "1"]
[SourceVersionDate "2015.09.14"]
[SourceQuality "1"]

1. e4 c5 2. Nf3 Nc6 3. d4 cxd4 4. c3 dxc3 5. Nxc3 e6 6. Bc4 Qc7 7. 0-0 a6 8. a3 Nf6 9. Bg5 Be7 10. Qe2 Ng4 11. g3 Bxg5 12. Nxg5 Nge5 13. Ba2 h6 14. Nf3 Nxf3+ 15. Qxf3 0-0 16. Rfd1 b5 17. Rac1 Bb7 18. Qe2 Rad8 19. Qe3 Qb8 20. f4 Qa7 21. Qxa7 Nxa7 22. e5 Nc8 23. Ne2 d6 24. exd6 Nxd6 25. Rc7 Bf3 26. Kf1 Ne4 27. Rcd7 Rxd7 28. Rxd7 Rc8 29. Bb1 Nc5 30. Rd6 Ne4 31. Rd7 1/2-1/2

[Event "Benidorm Ciegos-ch 15th"]
[Site "Benidorm"]
[Date "2015.06.12"]
[Round "6"]
[White "Espadina Solano, Jaime E"]
[Black "Garcia Rodriguez, Florencio"]
[Result "1/2-1/2"]
[WhiteElo "1735"]
[BlackElo "1785"]
[PlyCount "96"]
[EventDate "2015.06.07"]
[EventType "swiss"]
[EventRounds "7"]
[EventCountry "ESP"]
[SourceTitle "CBM 167 Extra"]
[Source "ChessBase"]
[SourceDate "2015.09.14"]
[SourceVersion "1"]
[SourceVersionDate "2015.09.14"]
[SourceQuality "1"]

1. e4 c5 2. Nf3 Nc6 3. c3 d5 4. exd5 Qxd5 5. Na3 Bg4 6. Be2 Nf6 7. 0-0 e6 8. Nc2 Qd7 9. d4 Be7 10. Be3 0-0 11. dxc5 Qxd1 12. Rfxd1 Nd5 13. h3 Nxe3 14. Nxe3 Bxf3 15. Bxf3 Bxc5 16. Bxc6 bxc6 17. Rd7 Bb6 18. Nc4 Rfd8 19. Rad1 Rxd7 20. Rxd7 Rc8 21. Nxb6 axb6 22. Kf1 Kf8 23. a4 Ke8 24. Rb7 Ra8 25. b3 b5 26. axb5 cxb5 27. Rxb5 Ra1+ 28. Ke2 Ra2+ 29. Ke3 Rb2 30. c4 f5 31. g3 g5 32. b4 h5 33. h4 gxh4 34. gxh4 Kd7 35. c5 Rc2 36. Rb6 Rc4 37. Rd6+ Ke7 38. Rd4 Rc3+ 39. Ke2 Rc2+ 40. Ke3 e5 41. Rd6 Rc4 42. Rb6 Rxh4 43. b5 Rc4 44. Rb7+ Kd8 45. c6 h4 46. Rb8+ Kc7 47. Rb7+ Kc8 48. Rh7 Rb4 1/2-1/2

[Event "Benidorm Ciegos-ch 15th"]
[Site "Benidorm"]
[Date "2015.06.10"]
[Round "4"]
[White "Espadina Solano, Jaime E"]
[Black "Balmiza Jimenez, Francisco"]
[Result "1/2-1/2"]
[WhiteElo "1735"]
[BlackElo "1950"]
[PlyCount "63"]
[EventDate "2015.06.07"]
[EventType "swiss"]
[EventRounds "7"]
[EventCountry "ESP"]
[SourceTitle "CBM 167 Extra"]
[Source "ChessBase"]
[SourceDate "2015.09.14"]
[SourceVersion "1"]
[SourceVersionDate "2015.09.14"]
[SourceQuality "1"]

1. e4 e5 2. Nf3 Nf6 3. d4 Nxe4 4. Bd3 d5 5. Nxe5 Nd7 6. Nxd7 Bxd7 7. 0-0 Be7 8. c4 c6 9. Nc3 Nxc3 10. bxc3 0-0 11. Bf4 Be6 12. c5 b5 13. Qc2 g6 14. Rfe1 Bf6 15. Be5 Re8 16. a4 Bxe5 17. Rxe5 a6 18. f4 Bd7 19. Rae1 Qf6 20. Rxe8+ Rxe8 21. Rxe8+ Bxe8 22. Qe2 Bd7 23. g3 Kf8 24. Kf2 Bf5 25. Bxf5 Qxf5 26. axb5 axb5 27. Qa2 Qe6 28. Qa8+ Kg7 29. Qb8 h5 30. h4 Kf6 31. Qd8+ Kg7 32. Qc7 1/2-1/2

[Event "Benidorm Ciegos-ch 15th"]
[Site "Benidorm"]
[Date "2015.06.08"]
[Round "2"]
[White "Espadina Solano, Jaime E"]
[Black "Septien Lopez, Valeriano"]
[Result "0-1"]
[WhiteElo "1735"]
[BlackElo "1875"]
[PlyCount "80"]
[EventDate "2015.06.07"]
[EventType "swiss"]
[EventRounds "7"]
[EventCountry "ESP"]
[SourceTitle "CBM 167 Extra"]
[Source "ChessBase"]
[SourceDate "2015.09.14"]
[SourceVersion "1"]
[SourceVersionDate "2015.09.14"]
[SourceQuality "1"]

1. e4 d5 2. exd5 Qxd5 3. Nc3 Qd6 4. d4 Nf6 5. Nf3 g6 6. Nb5 Qb6 7. c4 a6 8. Nc3 Bg7 9. Be2 0-0 10. 0-0 Nbd7 11. Na4 Qa7 12. Re1 e6 13. Ne5 Nxe5 14. dxe5 Nd7 15. Be3 Qb8 16. f4 b5 17. cxb5 axb5 18. Nc3 b4 19. Ne4 Bb7 20. Bf3 Rd8 21. Qe2 Bd5 22. Qf2 Rxa2 23. Rxa2 Bxa2 24. Qh4 Bd5 25. Nf6+ Nxf6 26. exf6 Bf8 27. f5 exf5 28. Bh6 Bxf3 29. gxf3 Bxh6 30. Qxh6 Qb6+ 31. Qe3 Qxf6 32. b3 Qd4 33. Qxd4 Rxd4 34. Kf2 Kg7 35. Ke3 c5 36. Rc1 f4+ 37. Ke2 Rd5 38. Kf1 Rd3 39. Rxc5 Rxf3+ 40. Kg2 Rxb3 0-1

[Event "San Pedro del Pinatar op 6th"]
[Site "San Pedro del Pinatar"]
[Date "2015.01.30"]
[Round "2"]
[White "Espadina Solano, Jaime E"]
[Black "Escudero Manzano, Sergio"]
[Result "0-1"]
[WhiteElo "1754"]
[BlackElo "2081"]
[PlyCount "58"]
[EventDate "2015.01.30"]
[EventType "swiss"]
[EventRounds "7"]
[EventCountry "ESP"]
[SourceTitle "CBM 164 Extra"]
[Source "ChessBase"]
[SourceDate "2015.03.02"]
[SourceVersion "1"]
[SourceVersionDate "2015.03.02"]
[SourceQuality "1"]

1. e4 c5 2. Nf3 Nc6 3. g3 g6 4. Bg2 Bg7 5. 0-0 e6 6. c3 Nge7 7. d4 cxd4 8. cxd4 d6 9. Nc3 0-0 10. Be3 b6 11. Qd2 Ba6 12. Rfd1 Rc8 13. Bh6 Na5 14. Bxg7 Kxg7 15. b3 h6 16. Rac1 Bb7 17. Qf4 f5 18. Qh4 g5 19. Qh5 Ng6 20. exf5 Rxf5 21. b4 Nc4 22. Ne5 Ncxe5 23. dxe5 Bxg2 24. Rxd6 Qe7 25. Kxg2 Nxe5 26. Rdd1 Qb7+ 27. Kf1 Rcf8 28. Rc2 Qh1+ 29. Ke2 Rxf2+ 0-1